Riconosci il Pokémon - Quiz n°173 - Statistics

Statistiche generali
  • Questo quiz è stato fatto 1 volte
  • Il punteggio medio è 10 su 10
Statistiche sulle risposte
Indizio Risposta % Corretto
Altezza 0,60 m
100%
Peso 11,0 kg
100%
Tasso di cattura 255 (43.9%)
100%
Sesso 25% ♂, 75% ♀
100%
Stadio evoluzione Forma Base
100%
Abilità Incantevole; Normalità; Splendicute
100%
Tipo Normale
100%
Pokémon Skitty
100%
Generazione Terza
100%
Tasso di allevamento Veloce
100%
Nessun quiz corrispondente trovato
Distribuzione punteggi
Percentuale di utenti per punteggio
Percentile per numero di risposta
I tuoi punteggi nel tempo
Non hai fatto questo quiz